000 00743nam a2200241 i 4500
001 bgj
100 1 _aWISCHMANN, Ingrid.
245 1 0 _aDeutsch in Studium und Wissenschaft :
_bLehrmaterial für den studienbegleitenden Deutschunterricht für Ausländer /
_cIngrid Wischmann ; Brigitte Güpner ; Heike Langer.
250 _a2. Aufl.
260 _aLeipzig :
_bVerlag Enzyklopädie,
_c1988.
300 _a154 s. :
_bil. ;
_c22 cm.
650 9 _aJęzyk niemiecki
_xpodręczniki
700 1 _aGÜPNER, Ingrid.
700 1 _aLANGER, Heike.
020 _a3324001269
040 _cBPK
041 0 _ager
044 _aDEU
080 _a811.112.2(07)
920 _a3-324-00126-9
942 _cKS
008 s gw f |000 0 ger
999 _c49478
_d49478
856 _uhttp://koha.tu.koszalin.pl/cgi-bin/koha/opac-detail.pl?biblionumber=49478
_yKatalog online BPK